[Event "PNWCC-Bulgaria Memorial Day"]
[Site "Chess.com INT"]
[Date "2022.05.30"]
[Round "?"]
[White "Damarcus, Thomas"]
[Black "Asenov, Yordan"]
[Result "0-1"]
[WhiteElo "1697"]
[BlackElo "2137"]
[PlyCount "138"]
[EventDate "2022.05.28"]
[EventType "team-match"]
[EventRounds "6"]
[EventCountry "USA"]
[SourceTitle "EXT 2024"]
[Source "ChessBase"]
[SourceDate "2023.10.10"]
[SourceVersion "1"]
[SourceVersionDate "2023.10.10"]
[SourceQuality "1"]
[WhiteTeam "PNWCC"]
[BlackTeam "Bulgaria"]
[WhiteTeamCountry "USA"]
[BlackTeamCountry "BUL"]

1. d4 Nf6 2. c4 e6 3. Nc3 Bb4 4. Bg5 h6 5. Bh4 b6 6. Nf3 Bb7 7. e3 0-0 8. Qb3 c5 9. a3 Bxc3+ 10. Qxc3 cxd4 11. exd4 d5 12. c5 Nc6 13. cxb6 axb6 14. Bb5 Rc8 15. Qe3 Na5 16. Ne5 Nc4 17. Bxc4 dxc4 18. Bxf6 Qxf6 19. Nd7 Qg6 20. Nxf8 Kxf8 21. Qg3 Qe4+ 22. Qe3 Qxg2 23. 0-0-0 c3 24. Rhg1 cxb2+ 25. Kxb2 Qxh2 26. Qg3 Qxg3 27. Rxg3 h5 28. f3 Rd8 29. Kc2 h4 30. Rh3 g5 31. Kd3 Kg7 32. Rg1 Kf6 33. Rb1 Ra8 34. Rb3 Bd5 35. Rc3 Kf5 36. Ke3 f6 37. Rh2 Kg6 38. Rb2 Ra6 39. Rh2 f5 40. f4 Kh5 41. fxg5 Kxg5 42. Kd2 Ra4 43. Ke3 b5 44. Ke2 Rxd4 45. Rc8 Rg4 46. Rg8+ Kf4 47. Rh8 Kg3 48. Rf2 h3 49. Kf1 Bg2+ 50. Kg1 Re4 51. Rg8+ Kh4 52. Rh8+ Kg5 53. Rxg2+ hxg2 54. Kxg2 Ra4 55. Rb8 Rxa3 56. Rxb5 Kf6 57. Kf1 Ra2 58. Rc5 f4 59. Rb5 e5 60. Rb8 Kf5 61. Rb4 e4 62. Rb8 e3 63. Ke1 Ke4 64. Kf1 Kf3 65. Kg1 Ra1+ 66. Kh2 e2 67. Rb3+ Ke4 68. Rb4+ Kf5 69. Rb5+ Ke6 0-1

[Event "PNWCC-Bulgaria Memorial Day"]
[Site "Chess.com INT"]
[Date "2022.05.29"]
[Round "?"]
[White "Asenov, Yordan"]
[Black "Damarcus, Thomas"]
[Result "1-0"]
[WhiteElo "2137"]
[BlackElo "1697"]
[PlyCount "101"]
[EventDate "2022.05.28"]
[EventType "team-match"]
[EventRounds "6"]
[EventCountry "USA"]
[SourceTitle "EXT 2024"]
[Source "ChessBase"]
[SourceDate "2023.10.10"]
[SourceVersion "1"]
[SourceVersionDate "2023.10.10"]
[SourceQuality "1"]
[WhiteTeam "Bulgaria"]
[BlackTeam "PNWCC"]
[WhiteTeamCountry "BUL"]
[BlackTeamCountry "USA"]

1. Nf3 d5 2. d4 Nf6 3. g3 g6 4. Bg2 Bg7 5. 0-0 h5 6. c4 dxc4 7. Qa4+ c6 8. Qxc4 Nbd7 9. Nc3 0-0 10. e4 Nb6 11. Qe2 Bg4 12. Be3 Qc8 13. a4 Be6 14. Rfd1 Bc4 15. Qc2 Ng4 16. Bf4 e5 17. dxe5 Nd7 18. Rd4 Be6 19. Ng5 Ndxe5 20. Nxe6 Qxe6 21. Rad1 Kh7 22. Rd6 Qe7 23. h3 Nh6 24. Qb3 Rab8 25. Be3 b5 26. axb5 cxb5 27. R6d5 a6 28. Bc5 Qe6 29. Bxf8 Bxf8 30. Qc2 Be7 31. Ne2 Rc8 32. Qb1 Rc4 33. f4 Nc6 34. f5 gxf5 35. Nf4 Qc8 36. exf5 f6 37. Rd7 Ng8 38. Ng6 Ne5 39. Nxe5 Qc5+ 40. Kh1 Qxe5 41. Re1 Qc5 42. Qd1 Kh6 43. Qd2+ Kg7 44. Qe2 Rc1 45. b4 Qc4 46. Rxe7+ Nxe7 47. Qxe7+ Kh8 48. Qxf6+ Kh7 49. Qg6+ Kh8 50. Qh6+ Kg8 51. Qxc1 1-0